Gimpel the fool and other stories / (Record no. 200070)

MARC details
000 -LEADER
fixed length control field 01217nam a2200337 a 4500
001 - CONTROL NUMBER
control field vtls000196256
003 - CONTROL NUMBER IDENTIFIER
control field NLI
005 - DATE AND TIME OF LATEST TRANSACTION
control field 20210602113031.0
008 - FIXED-LENGTH DATA ELEMENTS--GENERAL INFORMATION
fixed length control field 101125s1954 enk 000 j eng
020 ## - INTERNATIONAL STANDARD BOOK NUMBER
Terms of availability PND 1.50
039 #9 - LEVEL OF BIBLIOGRAPHIC CONTROL AND CODING DETAIL [OBSOLETE]
-- 201011252323
-- VLOAD
040 0# - CATALOGING SOURCE
Original cataloging agency NLI
Language of cataloging eng
Transcribing agency VERGIS-2010
Description conventions AACR2
041 1# - LANGUAGE CODE
Language code of text/sound track or separate title eng
Language code of original yid
044 ## - COUNTRY OF PUBLISHING/PRODUCING ENTITY CODE
MARC country code enk
082 04 - DEWEY DECIMAL CLASSIFICATION NUMBER
Classification number 838.99
100 1# - MAIN ENTRY--PERSONAL NAME
Personal name Singer, Isaac Bashevis,
Dates associated with a name 1904-1991
9 (RLIN) 374450
240 10 - UNIFORM TITLE
Uniform title Gimpl tam un andere dertseylungen .
Language of a work English
245 10 - TITLE STATEMENT
Title Gimpel the fool and other stories /
Statement of responsibility, etc. Isaac Bashevis Simger ; translated [from the Yiddish] by Saul Bellow
260 ## - PUBLICATION, DISTRIBUTION, ETC.
Place of publication, distribution, etc. London :
Name of publisher, distributor, etc. Peter Owen,
Date of publication, distribution, etc. c1954
300 ## - PHYSICAL DESCRIPTION
Extent 205 p. ;
Dimensions 21 cm.
500 ## - GENERAL NOTE
General note Translation of: Gimpl tam un andere dertseylungen
650 #0 - SUBJECT ADDED ENTRY--TOPICAL TERM
Topical term or geographic name entry element Short stories, Yiddish
Form subdivision Translations into English
9 (RLIN) 374451
650 #0 - SUBJECT ADDED ENTRY--TOPICAL TERM
Topical term or geographic name entry element Jews
General subdivision Social life and customs
-- Fiction
9 (RLIN) 109199
700 1# - ADDED ENTRY--PERSONAL NAME
Personal name Bellow, Saul,
Relationship trl
9 (RLIN) 107224
887 ## - NON-MARC INFORMATION FIELD
Content of non-MARC field
901 ## - LOCAL DATA ELEMENT A, LDA (RLIN)
a 324385
b 10.12.1958
902 ## - LOCAL DATA ELEMENT B, LDB (RLIN)
a E 838.99 Si 64
942 ## - ADDED ENTRY ELEMENTS (KOHA)
Source of classification or shelving scheme Dewey Decimal Classification
Koha item type Books
949 ## - LOCAL PROCESSING INFORMATION (OCLC)
-- VIRTUAITEM
-- 10000
-- 100
6 PUR000324385ENG
Holdings
Withdrawn status Lost status Damaged status Not for loan Collection code Home library Current library Shelving location Date acquired Total Checkouts Full call number Barcode Date last seen Price effective from Koha item type
        New English National Library of India National Library of India New English - Main Stack Division     E 838.99 Si 64 PUR000324385ENG 02/06/2021 02/06/2021 Books
                                                                           
web counter

Copyright ©2020 The National Library of India, Govt. of India ↔ Hosted by NVLI, MOC ↔ Technology and Design by National Library of India, Ministry of Culture, Govt. of India